Astronomers at the royal observatory cape of good hope (Record no. 6533)

MARC details
000 -LEADER
fixed length control field 00678nam a2200193Ia 4500
003 - CONTROL NUMBER IDENTIFIER
control field IN-BaIIA
008 - FIXED-LENGTH DATA ELEMENTS--GENERAL INFORMATION
fixed length control field 211028s9999 xx 000 0 eng d
020 ## - INTERNATIONAL STANDARD BOOK NUMBER
International Standard Book Number 0-86961-109-7
040 ## - CATALOGING SOURCE
Transcribing agency IIA Library
080 ## - UNIVERSAL DECIMAL CLASSIFICATION NUMBER
Universal Decimal Classification number 52(091)
Item number WAR
100 ## - MAIN ENTRY--PERSONAL NAME
Personal name Warner, Brian
9 (RLIN) 11182
245 #0 - TITLE STATEMENT
Title Astronomers at the royal observatory cape of good hope
Remainder of title a history with emphasis on the nineteenth century
Statement of responsibility, etc. Brian Warner
260 ## - PUBLICATION, DISTRIBUTION, ETC.
Place of publication, distribution, etc. Cape Town,
Name of publisher, distributor, etc. A. A. Balkema
Date of publication, distribution, etc. 1979
300 ## - PHYSICAL DESCRIPTION
Extent xii, 132p.
650 ## - SUBJECT ADDED ENTRY--TOPICAL TERM
Topical term or geographic name entry element Astronomers-Cape of Good Hope
9 (RLIN) 11183
650 ## - SUBJECT ADDED ENTRY--TOPICAL TERM
Topical term or geographic name entry element Astronomy and Astrophysics Thesaurus
650 ## - SUBJECT ADDED ENTRY--TOPICAL TERM
Topical term or geographic name entry element History-Observatories
9 (RLIN) 2465
942 ## - ADDED ENTRY ELEMENTS (KOHA)
Koha item type Books
Holdings
Withdrawn status Lost status Damaged status Not for loan Home library Current library Shelving location Date acquired Total Checkouts Full call number Barcode Date last seen Price effective from Koha item type Purchase Price
        IIA Library-Bangalore IIA Library-Bangalore General Stacks 06/08/1980   52(091)/WAR 7266 05/11/2021 06/08/1980 Books £ 8.00

Powered by Koha